000 00370 a2200169 4500
001 189215
020 _a978-85-16-06347-4
040 _cMagnum
100 _aBandeira, Pedro
240 1 0 _aAs cores de laurinha
_lpor
245 1 0 _aAs cores de laurinha
300 _a40
362 0 _a2009
440 1 _aModerna
697 _aLITERATURA INFANTO-JUVENIL
942 _cBK
999 _c189215
_d189215